000 01008nam a22002657a 4500
003 BD-DhSAU
005 20161205120548.0
008 161006b2015 bg ad||| |||| 00| 0 eng d
040 _aBD-DhSAU
082 _222
_a631.5233
_bAk79
100 _aAkther, Mahfuza
245 _aVariability and interrelationship among the varieties of Bt and corresponding non-Bt brinjals (Solanum melongena L.)
_c Mahfuza Akther
260 _aDhaka :
_bSher- e- Bangla Agricultural University ,
_c2015
300 _axii , 85 p. :
_bill. ;
_c30 cm.
504 _aIncludes references
590 _aKamim
650 _aGenetics
650 _aPlant Breeding
650 _aVariability and interrelationship among the varieties of Bt
650 _a Corresponding non-Bt brinjals (Solanum melongena L.)
700 _aHossain, Md. Sarowaar
_4Supervisor
700 _aBhuiyan, Md. Shahidur Rashid
_4Co-Supervisor
856 _uhttp://archive.saulibrary.edu.bd:8080/handle/123456789/947
_yOnline Access
942 _2ddc
_cTHESIS
999 _c13616
_d13615